Southville International School and Colleges
Your cart is empty.
  • Cart
  • Lists
    Public lists Eva Luna New books Lux_list list_1
    Your lists Log in to create your own lists
  • Log in to your account
  • Your cookies
  • Search history
Southville International School and Colleges
  • Advanced search
  • Recent comments
  • Most popular
  • Libraries

Log in to your account

Log in with GOOGLE


If you do not have an external account, but do have a local account, you can still log in:

  1. Home
  2. MARC view: Whose body? :
Normal view MARC view ISBD view

Whose body? : (Record no. 10742)

[ view plain ]
MARC details
000 -LEADER
fixed length control field 00917cam a22002771 4500
001 - CONTROL NUMBER
control field 8861490
003 - CONTROL NUMBER IDENTIFIER
control field PILC
005 - DATE AND TIME OF LATEST TRANSACTION
control field 20160128115105.0
008 - FIXED-LENGTH DATA ELEMENTS--GENERAL INFORMATION
fixed length control field 720726t19561923nyu 000 1 eng
010 ## - LIBRARY OF CONGRESS CONTROL NUMBER
LC control number 55010716
020 ## - INTERNATIONAL STANDARD BOOK NUMBER
International Standard Book Number 0380008971
035 ## - SYSTEM CONTROL NUMBER
System control number (OCoLC)365671
040 ## - CATALOGING SOURCE
Original cataloging agency DLC
Transcribing agency ODaWU
Modifying agency OCoLC
-- NBrockU
-- DLC
050 00 - LIBRARY OF CONGRESS CALL NUMBER
Classification number PZ 3
Item number .Sa274 1923
082 ## - DEWEY DECIMAL CLASSIFICATION NUMBER
Classification number FIC
Item number Sa9w 1923
100 1# - MAIN ENTRY--PERSONAL NAME
Personal name Sayers, Dorothy L.
Fuller form of name (Dorothy Leigh),
Dates associated with a name 1893-1957.
9 (RLIN) 17521
245 10 - TITLE STATEMENT
Title Whose body? :
Remainder of title a lord peter wimsey novel
Statement of responsibility, etc Dorothy L. Sayers
260 ## - PUBLICATION, DISTRIBUTION, ETC. (IMPRINT)
Place of publication, distribution, etc Camelot :
Name of publisher, distributor, etc Publishers of Bard,
Date of publication, distribution, etc 1923.
300 ## - PHYSICAL DESCRIPTION
Extent 252 p. ;
Dimensions 20 cm.
650 #0 - SUBJECT ADDED ENTRY--TOPICAL TERM
Topical term or geographic name as entry element Wimsey, Peter, Lord (Fictitious character)
General subdivision Fiction.
9 (RLIN) 17522
650 #0 - SUBJECT ADDED ENTRY--TOPICAL TERM
Topical term or geographic name as entry element Private investigators
Geographic subdivision England
General subdivision Fiction.
9 (RLIN) 17523
655 #7 - INDEX TERM--GENRE/FORM
Genre/form data or focus term Detective and mystery stories.
Source of term gsafd
9 (RLIN) 3472
906 ## - LOCAL DATA ELEMENT F, LDF (RLIN)
a 7
b cbc
c oclcrpl
d u
e ncip
f 19
g y-gencatlg
942 ## - ADDED ENTRY ELEMENTS (KOHA)
Source of classification or shelving scheme Library of Congress Classification
Koha item type Books
Holdings
Withdrawn status Lost status Source of classification or shelving scheme Damaged status Home library Current library Shelving location Date acquired Total Checkouts Full call number Barcode Date last seen Copy number Price effective from Koha item type
    Library of Congress Classification   Luxembourg Library Luxembourg Library Fiction Section 09/09/2013   PZ 3 .Sa274 1923 10992 05/25/2015 1 09/09/2013 Books

Whose body? :

APA

Sayers D. L., . (1923). Whose body?. Camelot: Publishers of Bard.

Chicago

Sayers Dorothy L, . 1923. Whose body?. Camelot: Publishers of Bard.

Harvard

Sayers D. L., . (1923). Whose body?. Camelot: Publishers of Bard.

MLA

Sayers Dorothy L, . Whose body?. Camelot: Publishers of Bard. 1923.

  • Place hold
  • Print
  • Cite
  • Add to your cart (remove)
  • Save record
    BIBTEX Dublin Core MARCXML MARC (non-Unicode/MARC-8) MARC (Unicode/UTF-8) MARC (Unicode/UTF-8, Standard) MODS (XML) RIS
  • More searches
    Search for this title in:
    Other Libraries (WorldCat) Other Databases (Google Scholar) Online Stores (Bookfinder.com) Open Library (openlibrary.org)

Exporting to Dublin Core...

SOUTHVILLE LIBRARY

Southville International School and Colleges Library

1281 Tropical Ave. Cor. Luxembourg St., BF Homes International, Las Pinas City

Tel. No. 8256374 / 252358 Loc. 117/146

Powered by Koha